<?xml version="1.0" encoding="UTF-8"?>
<record
    xmlns:xsi="http://www.w3.org/2001/XMLSchema-instance"
    xsi:schemaLocation="http://www.loc.gov/MARC21/slim http://www.loc.gov/standards/marcxml/schema/MARC21slim.xsd"
    xmlns="http://www.loc.gov/MARC21/slim">

  <leader>02532nam a22002537a 4500</leader>
  <controlfield tag="005">20230720101944.0</controlfield>
  <controlfield tag="008">230719b           ||||| |||| 00| 0 eng d</controlfield>
  <datafield tag="020" ind1=" " ind2=" ">
    <subfield code="a">9789355325426</subfield>
  </datafield>
  <datafield tag="040" ind1=" " ind2=" ">
    <subfield code="c">AL</subfield>
  </datafield>
  <datafield tag="041" ind1=" " ind2=" ">
    <subfield code="a">English</subfield>
  </datafield>
  <datafield tag="082" ind1=" " ind2=" ">
    <subfield code="2">23</subfield>
    <subfield code="a">351.3</subfield>
    <subfield code="b">SING</subfield>
  </datafield>
  <datafield tag="100" ind1=" " ind2=" ">
    <subfield code="a">Surender Singh and others</subfield>
    <subfield code="9">127832</subfield>
  </datafield>
  <datafield tag="245" ind1=" " ind2=" ">
    <subfield code="a">General Studies For Civil Services Preliminary Examination Paper I</subfield>
  </datafield>
  <datafield tag="260" ind1=" " ind2=" ">
    <subfield code="a">Chennai</subfield>
    <subfield code="b">McGraw Hill Education (India) Private Limited</subfield>
    <subfield code="c">2024</subfield>
  </datafield>
  <datafield tag="300" ind1=" " ind2=" ">
    <subfield code="a">xix,1079 p.</subfield>
    <subfield code="b">PB</subfield>
    <subfield code="c">26.5x20 cm.</subfield>
  </datafield>
  <datafield tag="365" ind1=" " ind2=" ">
    <subfield code="a">2916</subfield>
    <subfield code="b">&#x20B9;1400.00</subfield>
    <subfield code="c">&#x20B9;</subfield>
    <subfield code="d">&#x20B9;1750.00</subfield>
    <subfield code="e">20%</subfield>
    <subfield code="f">18-07-2023</subfield>
  </datafield>
  <datafield tag="520" ind1=" " ind2=" ">
    <subfield code="a">Qualitatively restructured content in precise and crisp form, updated facts and data along with questions based on structured analysis from static to dynamic linking concepts and emerging trends on these aspects, presenting MHE&#x2019;s most celebrated title General Studies Paper I, meant primarily for Civil services preliminary and various state services examinations. It is a compilation study material with new paradigm approach on the syllabus prescribed by the UPSC for the Preliminary Examination. This edition again has undergone immense structural changes in terms both content and questions, making the content more precise and examination centric by weeding out redundant information. The current edition is a one stop solution for the aspirants to begin preparation for the Civil Services Examination and useful for State Public Service Commission Examination.

Key Features
&#x2022; Comprehensive coverage of the syllabus of UPSC other State Civil Services examinations, accuracy of content and             information with abundance of modular practice sessions.
&#x2022; Revised content in almost all the sections for comprehensive coverage of each topic of syllabus.
&#x2022; New updated content creation on Economics and Social Development, Current Affairs, GK, Geography sections.
&#x2022; 2023 UPSC Prelim Solved Paper and 2 Mock Test papers with detailed explanation.

</subfield>
  </datafield>
  <datafield tag="521" ind1=" " ind2=" ">
    <subfield code="a">TABLE OF CONTENTS:
 A. History of India B. Indian National Movement C. Indian &amp; World Geography D. Indian Polity and Governance E. Economic and Social Development F. Environmental Ecology, Biodiversity and Climate Change G. General Science and Science &amp; Technology H. General Knowledge I. Current Affairs J. Mock Test Papers K. 2022 Civil Services Preliminary Solved Paper</subfield>
  </datafield>
  <datafield tag="650" ind1=" " ind2=" ">
    <subfield code="a">Competitive Exam</subfield>
    <subfield code="9">127738</subfield>
  </datafield>
  <datafield tag="650" ind1=" " ind2=" ">
    <subfield code="a">Civil Service</subfield>
    <subfield code="9">127739</subfield>
  </datafield>
  <datafield tag="700" ind1=" " ind2=" ">
    <subfield code="a">SINGH (Surender)</subfield>
    <subfield code="9">127740</subfield>
  </datafield>
  <datafield tag="700" ind1=" " ind2=" ">
    <subfield code="a">PARMAR (Virinder)</subfield>
    <subfield code="9">127741</subfield>
  </datafield>
  <datafield tag="942" ind1=" " ind2=" ">
    <subfield code="2">ddc</subfield>
    <subfield code="c">BK</subfield>
  </datafield>
  <datafield tag="999" ind1=" " ind2=" ">
    <subfield code="c">227991</subfield>
    <subfield code="d">227991</subfield>
  </datafield>
  <datafield tag="952" ind1=" " ind2=" ">
    <subfield code="0">0</subfield>
    <subfield code="1">0</subfield>
    <subfield code="2">ddc</subfield>
    <subfield code="4">0</subfield>
    <subfield code="7">0</subfield>
    <subfield code="8">OTH</subfield>
    <subfield code="a">AL</subfield>
    <subfield code="b">AL</subfield>
    <subfield code="d">2023-07-19</subfield>
    <subfield code="e">Biblios Book Point Surathkal Mangalore 575014</subfield>
    <subfield code="g">1400.00</subfield>
    <subfield code="l">2</subfield>
    <subfield code="o">351.3 SING</subfield>
    <subfield code="p">076569</subfield>
    <subfield code="r">2025-08-04 10:36:18</subfield>
    <subfield code="s">2025-07-28</subfield>
    <subfield code="v">1750.00</subfield>
    <subfield code="w">2023-07-19</subfield>
    <subfield code="y">BK</subfield>
  </datafield>
</record>
